000
00410nam a22001817a 4500
003
MPLRDC
005
20220104114252.0
008
210129b ||||| |||| 00| 0 eng d
082
_a
538.4 YDG
100
_a
殷登国
245
_a
风月无边
_c
250
_a
初版
260
_a
_b
河洛出版社
_c
1983
300
_b
平
490
_a
古典的不文. 2
650
_a
姻缘
942
_c
BK
_o
538.4 YDG
999
_c
6167
_d
6157